000 00427nam a2200181Ia 4500
001 14432
005 20260306164914.0
008 260306t1977||||xx |||||||||||||| ||spa||
041 _aESP
082 _a515
_bC33 T. 2
100 _aCastro Zarate, Juan
_eAUT
245 0 _aSolucionario de análisis matemático
260 _c1977
300 _aT. 2
_c20 cm.
650 _aGEN
654 _aCMA
942 _cLIB
_dJUS
_fJUS
_2ddc
_n
999 _c14432
_d14432